| 000 | 00695nam a2200229Ia 4500 | ||
|---|---|---|---|
| 005 | 20241216010341.0 | ||
| 008 | 180423s9999||||xx |||||||||||||| ||und|| | ||
| 020 | _a968-24-2710-X | ||
| 082 |
_a343.07503 _bO73 |
||
| 100 | _aORTEGA BLAKE, ARTURO | ||
| 245 | 0 |
_aDICCIONARIO DE PLANIFICACION ECONOMICA _bAPECTOS POLITICO, ASPECTOS SOCIALES, ASPECTOS ADMINISTRATIVOS |
|
| 250 | _a2 | ||
| 260 |
_aMEXICO _bTRILLAS _c1989 |
||
| 300 |
_a383 pag _c21 cm |
||
| 341 | _h31.56 | ||
| 490 |
_v0 _a0 |
||
| 505 | _aPLANEACION-PLANIFICACION/POLITICO-SOCIAL-ADMINISTRACION | ||
| 541 |
_aC _bLIB. SAN CRISTOBAL _d01-Oct-96 _odólar |
||
| 650 | _aCIENCIAS SOCIALES | ||
| 856 | _zReferencia | ||
| 942 | _cLIBRO | ||
| 999 |
_c12108 _d12108 |
||